000
00409nam a2200109Ia 4500
008
221009s9999 xx 000 0 und d
082
_a
780
100
_a
जोशी,विश्वम्भरविशनत्त
_9
81073
245
0
_a
लुप्तोदय स्वर समग्र राग व्याकरण
260
_b
नेशनल पब्लिकेशन
942
_c
BK
999
_c
65088
_d
65088